00419nam a2200133Ia 4500008004100000245005700041260004900098260000900147300001000156500001200166650001600178999001900194952007200213170224s9999 xx 000 0 und d 4aThe psychology of coordination and common knowledge. bJournal of Personality and Social Psychology c2014 a107:4 aOctober xPsychology. c316774d316774 001040aCLbCLd2017-02-24l0r2017-02-24 00:00:00w2017-02-24ySE